000 00681nam a22002297a 4500
999 _c134889
_d134889
005 20181218120308.0
010 _aB-225385
020 _c00.00
_a0070593728
035 _aB-225385, B-225396
037 _bCen Lib/Ret
082 _a004.22
_bCAR
100 _aCarter, Nicholas
245 _aComputer architecture :
_cby Nicolas Carter
260 _aNew Delhi
_bTata McGraw hill publishing company
_c2006
270 _bNew Delhi
_a7 West Patel nagar
_e110008
300 _avarious pagings
_c22cm(pbk)
500 _aIncludes index
650 _aComputer sceince
650 _aComputer architecture
_x
942 _2ddc
_cEN
_h004.22
_mCAR